| 000 | 00723cam a2200241 a 4500 | ||
|---|---|---|---|
| 008 | |||
| 020 | _a0130356824 (hbk.) | ||
| 049 | _aMAIN | ||
| 090 |
_aQA152.3 _bTHO |
||
| 100 | 1 | _aThomasson, JoAnne. | |
| 245 | 1 | 0 |
_aExperiencing introductory and intermediate algebra / _cJoAnne Thomasson [and] Bob Pesut. |
| 250 | _a2nd ed. | ||
| 260 |
_aUpper Saddle River : _bPrentice Hall, _cc2003. |
||
| 300 |
_axvii, 1040 p. : _bill. (some col.) ; _c27 cm. |
||
| 500 | _aIncludes index. | ||
| 650 | 0 |
_aAlgebra _vTextbooks. |
|
| 700 | 1 | _aPesut, Bob. | |
| 907 |
_a.b10344500 _b16-07-14 _c10-07-14 |
||
| 003 | |||
| 005 | 20230123122059.0 | ||
| 040 | _cNUST | ||
| 942 |
_cBOOKS _kQA152.3 _mTHO |
||
| 999 |
_c127467 _d127467 |
||